000 00278nam a22001337a 4500
008 170214b xxu||||| |||| 00| 0 eng d
020 _a0316895598
041 _aeng
080 _a61
100 _a4
101 _aSHM
245 _aACID BASE DISORDERS
_cVALTIN
942 _2udc
_cBK
999 _c5474
_d5474